| 000 | 00586nam a2200229 i 4500 | ||
|---|---|---|---|
| 001 | C2-0219125 | ||
| 003 | PPAK | ||
| 005 | 20180728111421.0 | ||
| 008 | 990822s1946 xx |||| ||||| | may d | ||
| 040 |
_aPPAK _beng _cPPAK _erda |
||
| 082 | 0 | 4 |
_a059.9928 _2 23 |
| 090 | 0 | 0 |
_a059.9928 _bWAT _dKK |
| 245 | 0 | 0 | _aWathan (Mei - Sept, 1946) |
| 264 | 1 | _c1946 | |
| 300 |
_a64 pages ; _c30 cm |
||
| 336 |
_2rdacontent _atext |
||
| 337 |
_2rdamedia _aunmediated |
||
| 338 |
_2rdacarrier _avolume |
||
| 500 | _aditulis dalam bahasa jawi | ||
| 650 | 1 | 0 | _aPeriod , Publishing of |
| 942 |
_ddc _cB |
||
| 999 |
_c161755 _d161755 |
||